000 00251nam a2200097Ia 4500
001 752380
005 20250826164702.0
008 250824s9999 xx 000 0 und d
245 0 _aARŞİMET ZEKAİ OKULDA
_cDURAN ÇETİN
260 _bATLIKARINCA YAYINLARI
999 _c752380
_d752380